000 00812nam a2200265Ia 4500
003 OSt
005 20220918171000.0
006 a|||||r|||| 00| 0
007 ta
008 220917b |||||||| |||| 00| 0 eng d
020 _a9781108425544 (hbk)
_cUKP 28.99
024 _a348,194
037 _b56959, 17/01/2019, Segment Book Distributors
_cTextual
040 _aARTS
_cARTS
_beng
041 _2eng
_aeng
082 _aR3xK321, N9;Q8
100 _aNadler Steven
_931191
245 0 _aSpinoza
_b life
250 _a2nd
260 _aCambridge
_bCambridge University Press UK
_c2018
300 _axviii,432p.
_ccm.
650 _aETHICS; PHILOSOPHERS
_932859
942 _hR3xK321, N9;Q8
_cTEXL
_2CC
999 _c137094
_d137094